Formule 1 - Vainqueurs du GP de Melbourne, Australie - Statistiques

Statistiques générales
  • Ce quiz a été pris 104 fois
    15 depuis la dernière actualisation
  • Le résultat moyen est 33 sur 40
Statistiques - réponses
Années Pilotes % Correct
2006 Fernando Alonso
100%
2026 George Russell
100%
2025 Lando Norris
100%
2008 Lewis Hamilton
100%
2015 Lewis Hamilton
100%
2023 Max Verstappen
100%
2011 Sebastian Vettel
100%
2017 Sebastian Vettel
100%
2018 Sebastian Vettel
100%
2024 Carlos Sainz
93%
2022 Charles Leclerc
93%
1985 Keke Rosberg
93%
2000 Michael Schumacher
93%
2001 Michael Schumacher
93%
2002 Michael Schumacher
93%
2004 Michael Schumacher
93%
2014 Nico Rosberg
93%
2016 Nico Rosberg
93%
1986 Alain Prost
86%
1988 Alain Prost
86%
2007 Kimi Räikkönen
86%
2013 Kimi Räikkönen
86%
2019 Valtteri Bottas
86%
1991 Ayrton Senna
79%
1993 Ayrton Senna
79%
2009 Jenson Button
79%
2010 Jenson Button
79%
2012 Jenson Button
79%
1998 Mika Häkkinen
79%
1995 Damon Hill
71%
1996 Damon Hill
71%
1997 David Coulthard
64%
2003 David Coulthard
64%
2005 Giancarlo Fisichella
64%
1994 Nigel Mansell
64%
1987 Gerhard Berger
57%
1992 Gerhard Berger
57%
1990 Nelson Piquet
50%
1999 Eddie Irvine
43%
1989 Thierry Boutsen
21%
Aucun quiz correspondant
Distribution des résultats
% des personnes avec chaque résultat
Percentile par nombre de réponses
Votre historique - résultats
Vous n’avez pas pris ce quiz depuis la dernière actualisation